[Event "Druga liga CS - zapad 2014"]
[Site "Sabac"]
[Date "2014.09.28"]
[Round "6.1"]
[White "Pikula, Dejan"]
[Black "Colovic, Dusan"]
[Result "1/2-1/2"]
[WhiteElo "2458"]
[BlackElo "2364"]
[PlyCount "66"]
[EventDate "2014.09.25"]

1. e4 d6 2. d4 Nf6 3. Nc3 g6 4. f4 a6 5. Nf3 Bg7 6. Bd3 O-O 7. O-O b5 8. e5
Nfd7 9. Ne4 dxe5 10. fxe5 Nb6 11. c3 f6 12. exf6 exf6 13. Qe1 N8d7 14. h4 Re8
15. h5 Bb7 16. hxg6 hxg6 17. Qh4 Nf8 18. Nc5 Bd5 19. Bh6 Nc4 20. Rf2 Nd6 21. a4
bxa4 22. Rxa4 a5 23. Ra1 Nf7 24. Bxg7 Kxg7 25. b3 Bxf3 26. Rxf3 Ng5 27. Rf2 f5
28. Qg3 Nge6 29. Qe5+ Qf6 30. Nxe6+ Rxe6 31. Qxc7+ Re7 32. Qc5 Re3 33. Qc7+ Re7
1/2-1/2

[Event "Druga liga CS - zapad 2014"]
[Site "Sabac"]
[Date "2014.09.28"]
[Round "6.3"]
[White "Sorgic, Dragan"]
[Black "Baralic, Milan"]
[Result "1/2-1/2"]
[WhiteElo "2255"]
[BlackElo "2146"]
[PlyCount "76"]
[EventDate "2014.09.25"]

1. e4 c5 2. Nf3 Nc6 3. d4 cxd4 4. Nxd4 g6 5. c4 Nf6 6. Nc3 Nxd4 7. Qxd4 d6 8.
Be2 Bg7 9. O-O O-O 10. Bg5 Be6 11. Qd2 Qa5 12. Rac1 Rfc8 13. b3 a6 14. f3 b5
15. Nd5 Qxd2 16. Bxd2 Nxd5 17. cxd5 Bd4+ 18. Kh1 Bd7 19. Rfd1 Rxc1 20. Rxc1 Rc8
21. Rxc8+ Bxc8 22. g4 Bd7 23. Kg2 f6 24. Bd3 Kf7 25. Kg3 e6 26. Bb4 Ke7 27. f4
e5 28. f5 g5 29. Ba5 Be8 30. Be2 Kd7 31. Kg2 Ba7 32. Kf1 Bb8 33. Ke1 Bc7 34.
Bd2 Bb6 35. Kd1 Kc7 36. Kc2 Bc5 37. Kb2 Kb6 38. a3 h6 1/2-1/2

[Event "Druga liga CS - zapad 2014"]
[Site "Sabac"]
[Date "2014.09.28"]
[Round "6.4"]
[White "Kiproski, Branislav**"]
[Black "Nikolic, Dragovan"]
[Result "1/2-1/2"]
[WhiteElo "2207"]
[BlackElo "2258"]
[PlyCount "72"]
[EventDate "2014.09.25"]

1. d4 d6 2. Nf3 g6 3. g3 Bg7 4. Bg2 Nf6 5. O-O O-O 6. c4 Nbd7 7. Nc3 e5 8. e4
a5 9. h3 Re8 10. Be3 exd4 11. Nxd4 Nc5 12. Qc2 c6 13. Rad1 Qc7 14. Rfe1 Bd7 15.
f4 Rad8 16. Bf2 Bc8 17. a3 Ne6 18. Nde2 Nd7 19. b4 axb4 20. axb4 Nef8 21. Na4
h6 22. Rd2 Ne6 23. Red1 Bf8 24. Nd4 Nxd4 25. Bxd4 c5 26. bxc5 Nxc5 27. Nxc5
dxc5 28. Bf6 Rxd2 29. Rxd2 Bg7 30. Bxg7 Kxg7 31. Qd3 Qa5 32. Kh2 Be6 33. Rd1
Qb4 34. Rb1 Qxc4 35. Qxc4 Bxc4 36. Rxb7 Bd3 1/2-1/2

[Event "Druga liga CS - zapad 2014"]
[Site "Sabac"]
[Date "2014.09.28"]
[Round "6.5"]
[White "Cirakovic, Ivan"]
[Black "Baralic, Nebojsa"]
[Result "1-0"]
[WhiteElo "2179"]
[BlackElo "2267"]
[PlyCount "109"]
[EventDate "2014.09.25"]

1. e4 c6 2. d4 d5 3. exd5 cxd5 4. Bd3 Nf6 5. c3 Nc6 6. Bf4 e6 7. Nd2 Bd6 8.
Bxd6 Qxd6 9. Ngf3 O-O 10. O-O e5 11. dxe5 Nxe5 12. Nxe5 Qxe5 13. Nf3 Qf4 14.
Qd2 Qxd2 15. Nxd2 Re8 16. Rfe1 Bd7 17. f3 Kf8 18. Nb3 Rxe1+ 19. Rxe1 Re8 20.
Rxe8+ Nxe8 21. Kf2 Ke7 22. Ke3 g6 23. Nd4 Nc7 24. Kf4 f6 25. h4 Ne6+ 26. Nxe6
Bxe6 27. b3 Kd6 28. Ke3 Bg8 29. f4 Be6 30. g3 Bf7 31. h5 f5 32. Kd4 b6 33. hxg6
hxg6 34. Be2 Be6 35. Bb5 Bf7 36. a3 Ke6 37. Bc6 Kd6 38. Bb7 Be6 39. Ba6 Bd7 40.
Be2 Be6 41. Bb5 Bf7 42. b4 a5 43. Ba4 axb4 44. cxb4 Ke6 45. Bb3 Kd6 46. a4 Be8
47. a5 bxa5 48. bxa5 Bc6 49. a6 Bb5 50. a7 Bc6 51. Ba4 Ba8 52. Be8 Kc7 53. Bf7
Kd6 54. Bxg6 Ke6 55. Kc5 1-0

[Event "Druga liga CS - zapad 2014"]
[Site "Sabac"]
[Date "2014.09.28"]
[Round "6.6"]
[White "Puaca, Goran"]
[Black "Vojinovic, Luka**"]
[Result "0-1"]
[WhiteElo "2164"]
[BlackElo "2047"]
[PlyCount "82"]
[EventDate "2014.09.25"]

1. d4 d5 2. c4 c6 3. e3 Nf6 4. Nc3 g6 5. Nf3 Bg7 6. Qb3 O-O 7. Bd2 Qb6 8. Qa3
Re8 9. Rc1 a6 10. Bd3 Qd8 11. cxd5 cxd5 12. Nb5 Nc6 13. Rxc6 bxc6 14. Ba5 axb5
15. Bxd8 Rxa3 16. bxa3 Rxd8 17. Ne5 Bb7 18. a4 bxa4 19. Kd2 Nd7 20. Rb1 Nxe5
21. Rxb7 Nxd3 22. Kxd3 Bf8 23. Ra7 e5 24. Rxa4 c5 25. dxe5 Rc8 26. Ra7 c4+ 27.
Kc2 Bb4 28. a4 Be1 29. Rd7 Bxf2 30. Rxd5 Bxe3 31. Kc3 Rc5 32. Rxc5 Bxc5 33.
Kxc4 Bg1 34. a5 Bxh2 35. a6 Bg1 36. Kd5 Kf8 37. e6 f5 38. Kd6 Ke8 39. e7 f4 40.
Ke5 g5 41. Kf5 h6 0-1

[Event "Druga liga CS - zapad 2014"]
[Site "Sabac"]
[Date "2014.09.28"]
[Round "6.7"]
[White "Ivanovic, Lazar*"]
[Black "Markovic, Aleksandar**"]
[Result "1/2-1/2"]
[WhiteElo "1976"]
[BlackElo "2155"]
[PlyCount "41"]
[EventDate "2014.09.25"]

1. d4 d5 2. e3 c5 3. Nf3 Nf6 4. c4 e6 5. Nc3 dxc4 6. Bxc4 a6 7. O-O Be7 8. Qe2
O-O 9. Rd1 Qc7 10. a4 Nc6 11. dxc5 Bxc5 12. h3 b6 13. e4 Nd7 14. Ba2 Bb7 15.
Bg5 Nde5 16. Rac1 Ng6 17. Rd2 h6 18. Be3 Nb4 19. Bxc5 Qxc5 20. Qc4 Qxc4 21.
Bxc4 1/2-1/2

[Event "Druga liga CS - zapad 2014"]
[Site "Sabac"]
[Date "2014.09.28"]
[Round "6.8"]
[White "Gavrilovic, Vasilije"]
[Black "Zdravkovic, Dragan N"]
[Result "0-1"]
[WhiteElo "2086"]
[BlackElo "2200"]
[PlyCount "54"]
[EventDate "2014.09.25"]

1. c4 e6 2. Nc3 d5 3. d4 c5 4. cxd5 cxd4 5. Qxd4 Nc6 6. Qa4 exd5 7. e3 Nf6 8.
Bb5 Bd7 9. Nf3 a6 10. Be2 Bc5 11. Qd1 Be6 12. O-O h6 13. h3 Qd7 14. b3 Bxh3 15.
gxh3 Qxh3 16. Nh2 h5 17. Re1 Bd6 18. Nf1 Rh6 19. Bd3 Ne5 20. f4 Nxd3 21. Qxd3
Rg6+ 22. Qxg6 fxg6 23. Bb2 O-O-O 24. Re2 d4 25. exd4 Bxf4 26. Rae1 Ng4 27. Rg2
Ne3 0-1

[Event "Druga liga CS - zapad 2014"]
[Site "Sabac"]
[Date "2014.09.28"]
[Round "6.4"]
[White "Irizanin, Radoje"]
[Black "Misic, Dragan"]
[Result "1-0"]
[WhiteElo "2330"]
[BlackElo "2269"]
[PlyCount "57"]
[EventDate "2014.09.25"]

1. d4 d5 2. Nf3 Nf6 3. Bf4 e6 4. e3 c5 5. c3 Nbd7 6. h3 Qb6 7. Qb3 Be7 8. Nbd2
O-O 9. Be2 Re8 10. O-O h6 11. Rfe1 a6 12. Bh2 Qc6 13. c4 dxc4 14. Nxc4 b5 15.
Nce5 Qb6 16. Nxd7 Nxd7 17. Rac1 Bb7 18. Ne5 Nxe5 19. Bxe5 Bd5 20. dxc5 Bxc5 21.
Qc3 Rac8 22. b4 Bf8 23. Qxc8 Rxc8 24. Rxc8 f6 25. Bg3 Qb7 26. Rec1 Bc4 27. Rb8
Qc6 28. Bf3 Qd7 29. Rd1 1-0

[Event "Druga liga CS - zapad 2014"]
[Site "Sabac"]
[Date "2014.09.28"]
[Round "6.4"]
[White "Zivkovic, Dejan*"]
[Black "Smolovic, Mile"]
[Result "1/2-1/2"]
[WhiteElo "2263"]
[BlackElo "2325"]
[PlyCount "22"]
[EventDate "2014.09.25"]

1. d4 Nf6 2. Bg5 Ne4 3. Bf4 c5 4. d5 Qb6 5. Qc1 c4 6. e3 Qa5+ 7. Nd2 c3 8. bxc3
Qxd5 9. Nxe4 Qxe4 10. Nf3 Qc6 11. Qb2 f6 1/2-1/2

[Event "Druga liga CS - zapad 2014"]
[Site "Sabac"]
[Date "2014.09.28"]
[Round "6.4"]
[White "Mirkovic, Stevan*"]
[Black "Ignjatovic, Predrag"]
[Result "1-0"]
[WhiteElo "2297"]
[BlackElo "2286"]
[PlyCount "55"]
[EventDate "2014.09.25"]

1. Nf3 Nf6 2. c4 e6 3. Nc3 d5 4. d4 c6 5. Bg5 Nbd7 6. e3 Bd6 7. Bd3 O-O 8. O-O
Re8 9. Qc2 h6 10. Bh4 Be7 11. Rad1 b6 12. Rfe1 dxc4 13. Bxc4 b5 14. Be2 Qb6 15.
Ne5 Nxe5 16. dxe5 Nd7 17. Bxe7 Rxe7 18. Qe4 Bb7 19. Bd3 Nf8 20. Qh4 Qc7 21. f4
a6 22. Ne4 c5 23. Nd6 c4 24. Bb1 Rd7 25. Qg3 Rad8 26. Rd4 Rxd6 27. exd6 Rxd6
28. f5 1-0

[Event "Druga liga CS - zapad 2014"]
[Site "Sabac"]
[Date "2014.09.28"]
[Round "6.4"]
[White "Savic, Dragan"]
[Black "Gavrilovic, Leonardo"]
[Result "1-0"]
[WhiteElo "2109"]
[BlackElo "2225"]
[PlyCount "215"]
[EventDate "2014.09.25"]

1. c3 Nf6 2. d4 d6 3. Nf3 g6 4. Nbd2 Bg7 5. e4 O-O 6. Be2 c5 7. O-O Qc7 8. Re1
cxd4 9. Nxd4 Nbd7 10. Bf1 a6 11. g3 b6 12. Bg2 Bb7 13. Nf1 Nc5 14. f3 e5 15.
Nb3 d5 16. Nxc5 Qxc5+ 17. Be3 Qc7 18. exd5 Nxd5 19. Bf2 b5 20. a4 Nb6 21. axb5
axb5 22. Rxa8 Rxa8 23. Ne3 Bc6 24. Qe2 f5 25. c4 bxc4 26. Nxc4 Nd7 27. Rc1 Bf8
28. Ne3 Nb6 29. Qc2 Rc8 30. Qb3+ Bd5 31. Rxc7 Bxb3 32. Rb7 Rc1+ 33. Nf1 Rb1 34.
Rxb6 Rxb2 35. Rb5 Bg7 36. Bc5 Rb1 37. Bd6 e4 38. Bc5 exf3 39. Rb8+ Kf7 40. Bxf3
Rc1 41. Ba3 Bd4+ 42. Kg2 Rc2+ 43. Kh1 Bc4 44. Rb7+ Kf6 45. Rb1 Rf2 46. Bg2 g5
47. h3 f4 48. gxf4 gxf4 49. Nh2 Ra2 50. Bd6 Kf5 51. Nf3 Bf6 52. Rc1 Ra1 53.
Nh4+ Kg5 54. Rxa1 Bxa1 55. Be7+ Bf6 56. Bxf6+ Kxf6 57. Bf3 Be6 58. Kh2 Kg5 59.
Ng2 Bc4 60. Ne1 Be6 61. Be4 h6 62. Nf3+ Kf6 63. h4 Bg4 64. Nd2 Ke5 65. Bf3 Bf5
66. Kg2 Kd4 67. Kf2 Bh3 68. Be2 Bd7 69. Kf3 Ke5 70. Nc4+ Kf6 71. Nb6 Bf5 72.
Kxf4 Bb1 73. Bf3 Ba2 74. Nd7+ Kg7 75. Ke5 Kg6 76. Nf6 Kg7 77. Be4 Bf7 78. Ng4
Bb3 79. Ne3 Ba2 80. Nf5+ Kg6 81. Ng3+ Kg7 82. Nh5+ Kh8 83. Kf6 Bg8 84. Nf4 Bb3
85. Kg6 h5 86. Kh6 Ba2 87. Bd5 Bb1 88. Ne6 Bc2 89. Nf4 Bb1 90. Bf7 Bc2 91. Bxh5
Bb1 92. Bg6 Ba2 93. Kg5 Kg7 94. Nh5+ Kh8 95. Kf6 Bb3 96. Bf7 Bc2 97. Nf4 Bb1
98. Bc4 Bc2 99. Ne6 Bb1 100. Kg5 Bc2 101. Kh6 Bb1 102. h5 Bc2 103. Bb5 Bb1 104.
Nf4 Ba2 105. Nd3 Bb1 106. Ne5 Ba2 107. Bd3 Bb3 108. Bh7 1-0

[Event "Druga liga CS - zapad 2014"]
[Site "Sabac"]
[Date "2014.09.28"]
[Round "6.4"]
[White "Matovic, Petar"]
[Black "Nenadovic, Ljubisa"]
[Result "1-0"]
[WhiteElo "2213"]
[BlackElo "2190"]
[PlyCount "43"]
[EventDate "2014.09.25"]

1. d4 Nf6 2. Bg5 Ne4 3. Bf4 c5 4. d5 d6 5. f3 Nf6 6. e4 a6 7. a4 g6 8. Nc3 Bg7
9. Qd2 O-O 10. Nge2 Re8 11. Bh6 Bh8 12. Ng3 e6 13. dxe6 Bxe6 14. Be2 Nc6 15.
O-O d5 16. exd5 Nxd5 17. Nxd5 Qxd5 18. Qxd5 Bxd5 19. c3 Bb3 20. Rfe1 Rad8 21.
Ne4 Rd5 22. Bc4 1-0

[Event "Druga liga CS - zapad 2014"]
[Site "Sabac"]
[Date "2014.09.28"]
[Round "6.6"]
[White "Vujic, Mihailo"]
[Black "Misailovic, Nebojsa"]
[Result "0-1"]
[WhiteElo "2337"]
[BlackElo "2309"]
[PlyCount "119"]
[EventDate "2014.09.25"]

1. e4 c5 2. c3 Nf6 3. e5 Nd5 4. d4 cxd4 5. Nf3 e6 6. cxd4 d6 7. Nc3 Nxc3 8.
bxc3 Qc7 9. Bd2 Nd7 10. Ng5 Be7 11. exd6 Bxd6 12. Qh5 Nf6 13. Bb5+ Kf8 14. Qf3
h6 15. Ne4 Nxe4 16. Qxe4 g6 17. Qh4 Kg7 18. O-O b6 19. Bd3 Bb7 20. c4 Be7 21.
Qg4 Rad8 22. d5 Bf6 23. Bf4 Qd7 24. Rad1 exd5 25. Qg3 d4 26. Be5 Qc6 27. Rfe1
Rhe8 28. Be4 Qe6 29. Bxb7 Bxe5 30. f4 Qd7 31. Bd5 Bf6 32. Qf3 Re7 33. Rxe7 Qxe7
34. h3 Qc5 35. Kh2 b5 36. Qb3 h5 37. Qd3 Qc7 38. Rf1 h4 39. Kh1 bxc4 40. Bxc4
Rc8 41. Bb3 Qe7 42. Qb5 Rc3 43. Qd5 Re3 44. Kh2 Qc7 45. Kh1 Re7 46. Qf3 Qd6 47.
Rd1 Qc7 48. Rf1 Qc5 49. Rd1 Qf5 50. Bc4 Qc5 51. Bb3 a5 52. Rf1 Re3 53. Qb7 Re7
54. Qf3 Qb5 55. Rd1 a4 56. Bc2 Re3 57. Bd3 Qb2 58. Qg4 Qxa2 59. f5 g5 60. Bf1
0-1

[Event "Druga liga CS - zapad 2014"]
[Site "Sabac"]
[Date "2014.09.28"]
[Round "6.6"]
[White "Rajkovic, Mladen**"]
[Black "Tojagic, Dane"]
[Result "0-1"]
[WhiteElo "2150"]
[BlackElo "2244"]
[PlyCount "78"]
[EventDate "2014.09.25"]

1. e4 e5 2. Nf3 Nc6 3. Bb5 a6 4. Ba4 Nf6 5. d3 b5 6. Bb3 Be7 7. c3 d6 8. O-O
O-O 9. Re1 Na5 10. Bc2 c5 11. Nbd2 h6 12. Nf1 Nh7 13. d4 Qc7 14. Ne3 Be6 15.
Nd5 Bxd5 16. exd5 exd4 17. cxd4 c4 18. Bd2 Rfe8 19. Re2 Nb7 20. a4 Rac8 21. Qe1
Nf6 22. axb5 axb5 23. Nh4 Bf8 24. Nf5 Kh8 25. h3 Rxe2 26. Qxe2 Re8 27. Qf3 Ng8
28. h4 g6 29. Ng3 Bg7 30. h5 Rf8 31. Be3 b4 32. hxg6 b3 33. Be4 fxg6 34. Qg4
Ne7 35. Rc1 Rf6 36. Qh3 Ng8 37. Ne2 Na5 38. Nf4 Rxf4 39. Bxf4 Bxd4 {necitko}
0-1

[Event "Druga liga CS - zapad 2014"]
[Site "Sabac"]
[Date "2014.09.28"]
[Round "6.6"]
[White "Markovic, Dragan P"]
[Black "Pecinar, Zoran"]
[Result "1-0"]
[WhiteElo "2215"]
[BlackElo "2177"]
[PlyCount "80"]
[EventDate "2014.09.25"]

1. e4 c5 2. c3 d6 3. d4 Qc7 4. Be3 Nf6 5. f3 g6 6. Bd3 Bg7 7. Ne2 a6 8. a4 b6
9. O-O O-O 10. Qd2 Bb7 11. d5 Nbd7 12. c4 e6 13. Nbc3 exd5 14. exd5 Ne5 15. b3
Nxd3 16. Qxd3 Nd7 17. Qd2 Rfe8 18. Rae1 Nf6 19. Ng3 Rad8 20. Bg5 Rxe1 21. Rxe1
Re8 22. Rxe8+ Nxe8 23. Nge2 Qd7 24. Qe3 Bc8 25. g4 Kf8 26. Bh6 Qe7 27. Bxg7+
Nxg7 28. Qh6 f5 29. h3 Kg8 30. Qd2 Qh4 31. Kg2 fxg4 32. hxg4 h5 33. Qh6 g5 34.
Qxd6 hxg4 35. Qd8+ Kh7 36. Qxc8 Qh3+ 37. Kg1 Qxf3 38. Qc7 Kg6 39. Qd6+ Kh5 40.
Qe5 Nf5 1-0

[Event "Druga liga CS - zapad 2014"]
[Site "Sabac"]
[Date "2014.09.28"]
[Round "6.6"]
[White "Radovanovic, Mihajlo**"]
[Black "Milovanovic, Nenad"]
[Result "1/2-1/2"]
[WhiteElo "1964"]
[BlackElo "2160"]
[PlyCount "98"]
[EventDate "2014.09.25"]

1. Nf3 Nf6 2. c4 d6 3. d4 Nbd7 4. g3 e5 5. Nc3 Be7 6. Bg2 O-O 7. O-O c6 8. e4
h6 9. h3 Qc7 10. Be3 Re8 11. Qc2 Nf8 12. d5 c5 13. Ne1 N6h7 14. h4 Nf6 15. f3
h5 16. Nd3 Bd7 17. Rf2 a5 18. b3 Reb8 19. Bf1 Ng6 20. a3 Ra6 21. Qb1 Rba8 22.
Rfa2 b6 23. b4 axb4 24. axb4 Qc8 25. Nb5 Ne8 26. bxc5 bxc5 27. Nb2 Bd8 28. Bd2
Kf8 29. Na4 Qb7 30. Ra3 Bc8 31. R1a2 Kg8 32. Qa1 Kf8 33. Kh2 Nc7 34. Nac3 Ke7
35. Bh3 Rxa3 36. Rxa3 Rxa3 37. Qxa3 Bxh3 38. Kxh3 Qa6 39. Qa4 Qc8+ 40. Kg2 Qa6
41. Kf2 Qxa4 42. Nxa4 Ne8 43. Na7 Kd7 44. Kg2 Ne7 45. g4 g6 46. Kg3 Nf6 47. Bg5
Nh7 48. Bd2 Nf6 49. Bg5 Nh7 1/2-1/2

[Event "Druga liga CS - zapad 2014"]
[Site "Sabac"]
[Date "2014.09.28"]
[Round "6.6"]
[White "Simic, Goran S"]
[Black "Civric, Zdravko"]
[Result "0-1"]
[WhiteElo "2099"]
[BlackElo "2211"]
[PlyCount "94"]
[EventDate "2014.09.25"]

1. d4 Nf6 2. Nf3 e6 3. e3 c5 4. Bd3 Nc6 5. O-O Be7 6. b3 O-O 7. Bb2 cxd4 8.
exd4 Qc7 9. a3 b6 10. Nbd2 Bb7 11. Qe2 Rfe8 12. Rfe1 Rac8 13. Rac1 d5 14. Ne5
Bd6 15. f4 Ne7 16. g4 Ng6 17. Rf1 Qe7 18. a4 Bb4 19. h3 Red8 20. g5 Ne4 21.
Nxg6 hxg6 22. Nxe4 dxe4 23. Bxe4 Bc3 24. Bxc3 Rxc3 25. Rf3 Rdc8 26. Rxc3 Rxc3
27. Bxb7 Qxb7 28. Qg2 Qc7 29. Qe4 a5 30. Kg2 Rxb3 31. cxb3 Qxc1 32. Qf3 Qd2+
33. Kg3 Qxd4 34. h4 e5 35. fxe5 Qxe5+ 36. Kg2 Qf5 37. Qg3 Kh7 38. Kh2 Qc2+ 39.
Kh3 Qe2 40. Qc3 Qf2 41. Qc4 Qf5+ 42. Kg3 Qe5+ 43. Kg2 f5 44. Kh3 Qe3+ 45. Kg2
f4 46. Qb5 Qg3+ 47. Kf1 f3 0-1

[Event "Druga liga CS - zapad 2014"]
[Site "Sabac"]
[Date "2014.09.28"]
[Round "6.6"]
[White "Knezevic, Veljko**"]
[Black "Osatovic, Aleksandar*"]
[Result "0-1"]
[WhiteElo "1890"]
[BlackElo "2053"]
[PlyCount "96"]
[EventDate "2014.09.25"]

1. e4 d6 2. d4 Nf6 3. Nc3 g6 4. f4 Bg7 5. Nf3 a6 6. a4 O-O 7. Be2 Bg4 8. O-O
Nfd7 9. Be3 e5 10. Qd2 Nc6 11. fxe5 Bxf3 12. Rxf3 dxe5 13. Bh6 Nxd4 14. Rh3
Nxe2+ 15. Qxe2 Bxh6 16. Rxh6 Qg5 17. Rh3 c6 18. Rf1 Nc5 19. Rg3 Qe7 20. Qe3 b5
21. axb5 axb5 22. Rh3 Ne6 23. Qh6 f6 24. Kh1 b4 25. Nd1 Nf4 26. Rg3 Ra1 27.
Rgf3 Rd8 28. Ne3 Rxf1+ 29. Rxf1 Rd4 30. g3 Rxe4 31. Ng4 Nh5 32. Qxh5 gxh5 33.
Nxf6+ Kg7 34. Nxe4 Qd7 35. Re1 Qd5 36. Kg2 Kg6 37. Re2 Kf5 38. Kf3 Qd4 39. b3
Qd1 40. Nf2 e4+ 41. Ke3 Qd5 42. h3 Qc5+ 43. Kd2 Qc3+ 44. Kd1 Qxg3 45. Nxe4 Qg1+
46. Kd2 Qd4+ 47. Ke1 Qxe4 48. Rxe4 Kxe4 0-1